| 000 | 00425nam a22001457a 4500 | ||
|---|---|---|---|
| 005 | 20180823131108.0 | ||
| 020 |
_a8170002834 _c650.00 |
||
| 035 | _aB-31116, B-031118 | ||
| 037 |
_aDPL _bENG |
||
| 100 | _aPaliwal, P. K. | ||
| 245 |
_aCompendium of library administration / _cby P K Paliwal |
||
| 260 |
_aNew Delhi _bEss Ess Publications _c2000 |
||
| 300 |
_av, 305p. _c20 cms. |
||
| 942 |
_2ddc _cEN _h025.1 _mPAL |
||
| 999 |
_c63495 _d63495 |
||